banner koha

Avaliação da extração de óleos essenciais de vetiver (Vetiveria zizanioides) com CO2 supercrítico (Registro n. 298636)

MARC details
000 -LÍDER
fixed length control field 03832nab a2200289 i 4500
003 - CÓDIGO MARC DA AGÊNCIA CATALOGADORA
Campo de controle BR-BrBNA
005 - DATA E HORA DA ÚLTIMA ATUALIZAÇÃO
Campo de controle 20240229103133.0
008 - CAMPO DE TAMANHO FIXO
fixed length control field 240229b2006 bl.qr|p|oa||| 00| 0 por |
040 ## - FONTE DA CATALOGAÇÃO
Agência catalogadora BR-BrBNA
Idioma da catalogação por
072 ## - CATEGORIA AGRIS
Código AGRIS Q02
Código do objeto 0329
100 ## - ENTRADA PRINCIPAL - NOME PESSOAL
Nome pessoal Costa, T.S.
100 ## - ENTRADA PRINCIPAL - NOME PESSOAL
Nome pessoal Pelais, A.C.A.
100 ## - ENTRADA PRINCIPAL - NOME PESSOAL
Nome pessoal Corrêa, N.C.F.
100 ## - ENTRADA PRINCIPAL - NOME PESSOAL
Nome pessoal França, L.F.
100 ## - ENTRADA PRINCIPAL - NOME PESSOAL
Nome pessoal Marques, M.O.M.
245 ## - TÍTULO PRINCIPAL
Título principal Avaliação da extração de óleos essenciais de vetiver (Vetiveria zizanioides) com CO2 supercrítico
500 ## - NOTA GERAL
Nota geral Publicação on-line; 6 ref.; 2 tables; 1 illus.; Summaries (En, Pt)
942 ## - ADDED ENTRY ELEMENTS (KOHA)
Koha item type
520 ## - NOTA DE RESUMO
Nota de conteúdo <br/><br/>RESUMO: <br/><br/>O vetiver é uma gramínea aromática muito cultivada no Estado do Pará, cujas raízes de cor amarela<br/>e de cheiro peculiar, são muito utilizadas, diretamente como o conhecido “cheiro do Pará” e em banhos aromáticos,<br/>até mesmo em rituais religiosos. Seu óleo essencial é muito utilizado na elaboração de perfumes regionais.<br/>Neste trabalho foi feita uma avaliação das técnicas de extração de óleos essenciais do vetiver {Vetiveria<br/>zizanioides), com vistas a rendimento e qualidade do produto. A hidrodestilação e a extração com solvente<br/>(etanol) foram as técnicas convencionais comparadas com a extração com CO2 supercrítico, na pressão de 120<br/>bar e temperatura de 60°C. A qualidade do produto foi avaliada através da composição química dos óleos<br/>essenciais determinada por cromatografia gasosa. O maior rendimento obtido foi com solvente orgânico (12,0%),<br/>seguido por fluido supercrítico (2,5%) e hidrodestilação (1,4%). Os óleos essenciais obtidos pelas três<br/>metodologias apresentaram como compostos majoritários o khusimol, biciclovetivenol, (3-vetivona e a-vetivona,<br/>embora os extratos obtidos com fluido supercrítico não apresentem os compostos mais voláteis.<br/><br/>Palavras-chave: vetiver, óleos essenciais, extração supercrítica, produtos naturais
520 ## - NOTA DE RESUMO
Nota de conteúdo <br/><br/>ABSTRACT: <br/><br/>Evaluation ofthe extraction procedures of vetiver(Vetiveria zizanioides) essential oil using<br/>supercritical CO2.Vetiver is an aromatic monocotyledonous plant frequentely grown in the state of Pará. The<br/>yellow colored roots of vetiver have a peculiar smell and are used directly as “cheiro do Pará” (Pará smell), in<br/>aromatic baths and even in religious rituals. Its essential oil is commonly used to elaborate regional perfumes.<br/>In the present work, we have evaluated several techniques of essential oil extraction from vetiver {Vetiveria<br/>zizanioides), with main focus on oil yield and product quality. Hydro-distillation and solvent extraction (ethanol)<br/>were the conventional techiniques that were employed in comparison to supercritical CO2 extraction at 120 bar<br/>pressure and 60°C temperature. The product quality was evaluated by the chemical composition of the essential<br/>oils and it was determined by gas chromatography. The highest yield was obtained by organic solvent extraction<br/>(12.0%), followed by supercritical fluid extraction (2.5%) and hydro-distillation (1.4%). The essential oils obtained<br/>by all three methodologies presented khusimol, biciclovetivenol, p-vetivone and a-vetivone as major components.<br/>Although, volatile compounds were absent from the extracts obtained by supercritical fluid extraction.<br/><br/>Key words: vetiver, essential oil, supercritical extraction, natural products
650 ## - ASSUNTO - THESAGRO
Cabeçalho tópico ou nome geográfico VETIVER
650 ## - ASSUNTO - THESAGRO
Cabeçalho tópico ou nome geográfico ÓLEO ESSENCIAL
650 ## - ASSUNTO - THESAGRO
Cabeçalho tópico ou nome geográfico EXTRAÇÃO
773 0# - ENTRADA ANALÍTICA
Host Biblionumber 3543
Registro do item 313785
Imprenta Botucatu-SP Instituto de Biociências - Departamento de Química e Bioquímica 1998
Outro identificador 2024-0053
Título Revista Brasileira de Plantas Medicinais (Brazil)
ISSN 1516-0572
Colação v. 8(4) p. 100-103; (2006)
Número de controle de registro BR2024000084
856 ## - ACESSO E ENDEREÇO ELETRÔNICO
Identificador uniforme de recurso - URI http://www.sbpmed.org.br/admin/files/papers/file_lV32cZdc3YxT.pdf

Nenhum exemplar disponível.

BINAGRI

Telefone: (61)3218-2567/2388/3357/2097 - binagri@agro.gov.br

Ministério da Agricultura e Pecuária , Esplanada dos Ministérios, Bloco D, Anexo B, Brasília/DF, CEP: 70.043-900